Sports Quiz

Random Sports Quiz

Formula 1: Marussia/ Virgin Quiz Stats

 Plays Quiz not verified by Sporcle

Challenge
Share
Tweet
Embed
Score 0/10 Timer 10:00
0 Plays Today
Hint Answer % Correct
2013Jules Bianchi
99.2%
2014Jules Bianchi
99.2%
2013Max Chilton
96%
2014Max Chilton
96%
2010Timo Glock
93.7%
2011Timo Glock
93.7%
2012Timo Glock
93.7%
2012Charles Pic
85.7%
2010Lucas di Grassi
84.9%
2011Jerome d'Ambrosio
75.4%

You're not logged in!

Compare scores with friends on all Sporcle quizzes.
Join for Free
OR
Log In

You Might Also Like...

Show Comments

Extras

Top Quizzes Today


Score Distribution

Your Account Isn't Verified!

In order to create a playlist on Sporcle, you need to verify the email address you used during registration. Go to your Sporcle Settings to finish the process.

Report this User

Report this user for behavior that violates our Community Guidelines.

Details: